Experimental methods in the osmometry of dilute rubber solutions (Record no. 59111)

MARC details
000 -LEADER
fixed length control field 00395nam a2200121Ia 4500
100 ## - MAIN ENTRY--AUTHOR NAME
Personal name Melville H W
245 #0 - TITLE STATEMENT
Title Experimental methods in the osmometry of dilute rubber solutions
260 ## - PUBLICATION, DISTRIBUTION, ETC. (IMPRINT)
Name of publisher Proceedings of the 2nd Rubber Technology Conference, London, 1948; p152-163
650 ## - SUBJECT ADDED ENTRY--TOPICAL TERM
Topical Term Dilute rubber solution
700 ## - ADDED ENTRY--PERSONAL NAME
Personal name Masson C R
942 ## - ADDED ENTRY ELEMENTS (KOHA)
Koha item type Journals
Holdings
Withdrawn status Lost status Damaged status Not for loan Home library Current library Shelving location Date acquired Koha item type
      Journals RRII Library RRII Library Rubber chemistry 17/12/2021 Journals